Corporate Accounting (Record no. 10811)

MARC details
000 -LEADER
fixed length control field 00379nam a22001697a 4500
003 - CONTROL NUMBER IDENTIFIER
control field OSt
008 - FIXED-LENGTH DATA ELEMENTS--GENERAL INFORMATION
fixed length control field 201120b ||||| |||| 00| 0 eng d
082 ## - DEWEY DECIMAL CLASSIFICATION NUMBER
Classification number 331.1
Item number JAC
100 ## - MAIN ENTRY--PERSONAL NAME
Personal name JAIN, S.P.
245 ## - TITLE STATEMENT
Title Corporate Accounting
250 ## - EDITION STATEMENT
Edition statement 3RD
260 ## - PUBLICATION, DISTRIBUTION, ETC. (IMPRINT)
Place of publication, distribution, etc New Delhi
Name of publisher, distributor, etc Kalyani Pub
Date of publication, distribution, etc 2012
300 ## - PHYSICAL DESCRIPTION
Extent Misc
650 ## - SUBJECT ADDED ENTRY--TOPICAL TERM
Topical term or geographic name as entry element B.Com
700 ## - ADDED ENTRY--PERSONAL NAME
Personal name NARANG, K.L.
942 ## - ADDED ENTRY ELEMENTS (KOHA)
Source of classification or shelving scheme Dewey Decimal Classification
Koha item type Text Books
942 ## - ADDED ENTRY ELEMENTS (KOHA)
-- 4
Holdings
Withdrawn status Lost status Source of classification or shelving scheme Damaged status Not for loan Collection code Home library Current library Date acquired Source of acquisition Currency Cost, normal purchase price Bill Number Total Checkouts Full call number Acc. no. / Barcode Date last seen Actual Cost, discounted price Bill Date Koha item type Date last borrowed
    Dewey Decimal Classification     B.Com PIET NCR College Library PIET NCR College Library 24/07/2021 Kirti Prakashan IN Rupees 295.00 IN2290   331.1 JAC N1706 06/08/2021 236.00 24/07/2021 Text Books  
    Dewey Decimal Classification     B.Com PIET NCR College Library PIET NCR College Library 24/07/2021 Kirti Prakashan IN Rupees 295.00 IN2290 2 331.1 JAC N1707 09/12/2025 236.00 24/07/2021 Text Books 28/11/2025
    Dewey Decimal Classification     B.Com PIET NCR College Library PIET NCR College Library 24/07/2021 Kirti Prakashan IN Rupees 295.00 IN2290 1 331.1 JAC N1708 16/02/2024 236.00 24/07/2021 Text Books 23/01/2024
    Dewey Decimal Classification     B.Com PIET NCR College Library PIET NCR College Library 24/07/2021 Kirti Prakashan IN Rupees 295.00 IN2290 1 331.1 JAC N1709 01/09/2022 236.00 24/07/2021 Text Books 23/08/2022
    Dewey Decimal Classification     B.Com PIET NCR College Library PIET NCR College Library 24/07/2021 Kirti Prakashan IN Rupees 295.00 IN2290 3 331.1 JAC N1710 30/07/2024 236.00 24/07/2021 Text Books 29/07/2024

Design & Developed by: PIET Central Library
R70 Miles Stone Pattikalyana Samalkha Panipat 132102
mail ID :- [email protected], Phone No:- 0180-2569700 Ex.216